| 000 | 00718nmm a2200277 a 4500 | ||
|---|---|---|---|
| 003 | AR-BaBNM | ||
| 005 | 20251128211811.0 | ||
| 008 | 276020s2006 ||||||||||||||000 | spa|| | ||
| 020 | _a987-00-0573-X | ||
| 040 | _cAR-BaBNM | ||
| 100 | 1 | _aAnder-Egg, Ezequiel | |
| 245 | 1 | 0 | _aHablar en público... y saber comunicar |
| 250 | _a1ª ed. | ||
| 260 |
_aBuenos Aires _bGrupo Editorial Lumen _c2006 |
||
| 300 | 0 |
_a201 p. _bil. |
|
| 650 | 4 | _aORATORIA | |
| 650 | 4 | _aCOMUNICACION | |
| 650 | 4 | _aCOMUNICACION VERBAL | |
| 650 | 4 | _aEXPRESION ORAL | |
| 650 | 4 | _aRETORICA | |
| 650 | 4 | _aLENGUAJE HABLADO | |
| 650 | 4 | _aEJERCITACION DE LA EXPRESION ORAL | |
| 650 | 4 | _aPERSUASION | |
| 942 | _cBK | ||
| 998 | _cme-solo cat | ||
| 999 |
_c21173 _d21173 |
||